000 00515nam a2200169Ia 4500
008 210716s2006 xx 000 0 und d
020 _a9781412917988
041 _aeng
082 _a174.96592 FITK
100 _aFitzpatrick, Kathy;Bronstein, Carolyn.
245 _aEthics in public relations: responsible advocacy.
_bResponsible advocacy.
250 _a1
260 _aNew Delhi
_bSage Publications
_c2006
300 _axiv,241
650 _aBusiness Ethics
700 _aBronstein, Carolyn.;Fitzpatrick, Kathy
999 _c202041
_d202041